000 00613nam a2200229 a 4500
001 60249
003 BD-RjUL
005 20211209080822.0
008 161229s1950 nyu bv 001 0 eng d
035 _a(BD-RjUL)60373
040 _aIEN
_cIEN
_dBD-RjUL
_beng
041 _aeng
082 0 0 _a346.42082
_223
_bCHL 1950
100 1 _aChorley, Lord
_9179327
245 1 0 _aLaw of banking /
_c Lord Chorley,
250 _a3rd ed.
260 _aLondon :
_bSir Isaac Pitman,
_c1950
300 _axviii, 364 p. ;
_c21 cm.
500 _aIncludes index.
650 0 _aBanking law
_zGreat Britain
_9179098
942 _2ddc
_cBK
999 _c60249
_d60249